Normal view
MARC view
Entry Personal Name
001 - CONTROL NUMBER
- control field: 247626
003 - CONTROL NUMBER IDENTIFIER
- control field: OSt
005 - DATE AND TIME OF LATEST TRANSACTION
- control field: 20251204151010.0
008 - FIXED-LENGTH DATA ELEMENTS
- fixed length control field: 251204|| aca||aabn | a|a d
040 ## - CATALOGING SOURCE
- Original cataloging agency: OSt
- Transcribing agency: OSt
100 ## - HEADING--PERSONAL NAME
- Personal name: Zhang, Runtong
670 ## - SOURCE DATA FOUND
- Source citation: Work cat.: (OSt)192059: Zhang, Runtong., Fuzzy control of queuing systems., 2009